Edizione nazionale dei diari di Angelo Giuseppe Roncalli-Giovanni XXIII
Guardat en:
| Autors principals: | , |
|---|---|
| Format: | Llibre |
| Idioma: | italià |
| Publicat: |
Bolonia
Istituto per le Scienze Religiose
2008
|
| Edició: | 1a. ed |
| Matèries: | |
| Etiquetes: |
Afegir etiqueta
Sense etiquetes, Sigues el primer a etiquetar aquest registre!
|
MARC
| LEADER | 00000cam a2200000 a 4500 | ||
|---|---|---|---|
| 001 | UCD1465 | ||
| 003 | CL-VaPUC | ||
| 008 | 160310e20080000it |||||||||||||||||ita|d | ||
| 020 | |a 9788890110757 | ||
| 082 | 0 | 4 | |a 282.09 |b JUA |2 21 |
| 100 | |a Juan XXIII |e author |9 337271 | ||
| 700 | 0 | |a Roncalli, Angelo Giuseppe |e author |9 490637 | |
| 245 | 1 | 0 | |a Edizione nazionale dei diari di Angelo Giuseppe Roncalli-Giovanni XXIII |
| 250 | |a 1a. ed | ||
| 300 | |a v | ||
| 942 | |c BK | ||
| 945 | |d 20160310 23:10:00 |a dcastane | ||
| 260 | |a Bolonia |b Istituto per le Scienze Religiose |c 2008 | ||
| 500 | |a v.2: nelle mani di Dio a servicio dell'uomo. I diari di don Roncalli, 1905-1925 | ||
| 500 | |a v.6-2: Pace e Vangelo. Agende del patriarca. 2: 1956-1958 | ||
| 600 | 0 | |a Juan XXIII |9 337271 | |
| 600 | 0 | 7 | |a RONCALLI, ANGELO GIUSEPPE |2 CL-VaPUC |9 490637 |
| 650 | 0 | |a Iglesia Católica |9 256114 | |
| 650 | 0 | |a Papas |9 258738 | |
| 650 | 0 | |a Autobiografías |9 265171 | |
| 583 | |a last modification |c 20160321 08:10:18 |k Rodrigo Vera | ||
| 999 | |c 362770 |d 362768 | ||
| 952 | |0 0 |1 0 |3 erd |4 0 |6 282_090000000000000_JUA_2008 |7 0 |8 A |9 474246 |a BIBTEO |b BIBTEO |h v.2 |i 526524K |o 282.09 JUA 2008 |p 526524K |r 2024-01-18 |w 2019-11-24 |y BK |z Catalogado en:20160310 |k ICR | ||
| 952 | |0 0 |1 0 |3 erd |4 0 |6 282_090000000000000_JUA_2008 |7 0 |8 A |9 474247 |a BIBTEO |b BIBTEO |h v.6-2 |i 5265231 |o 282.09 JUA 2008 |p 5265231 |r 2024-01-18 |w 2019-11-24 |y BK |z Catalogado en:20160310 |k ICR | ||